Famílias da tabela periódica - Statistics

Estatísticas Gerais
  • Esse quiz foi jogado 233 vezes
    229 desde o último reset
  • A pontuação média é 5 de 9
Estatísticas das Respostas
Hint Resposta % Correto
8A Gases nobres
83%
1A Metais alcalinos
82%
7A Halogênios
59%
6A Calcogênios
47%
3A Família do Boro
45%
B Metais de transição
44%
4A Família do Carbono
41%
5A Família do Nitrogênio
41%
2A Metais alcalinoterrosos
38%
Nenhum quiz correspondente encontrado
Distribuição das Pontuações
Porcentagem de Pessoas com Cada Pontuação
Percentil de Números Respondidos
Sua Pontuação Histórica
Você não jogou esse quiz desde o último reset